| 000 | 00831nam a2200229 i 4500 | ||
|---|---|---|---|
| 001 | 27189 | ||
| 003 | ES-MaACL | ||
| 005 | 20250729062620.0 | ||
| 007 | t| | ||
| 008 | 030113s1934 sp |||| | spa d | ||
| 100 | 1 |
_aAzaña, Manuel, _d1880-1940 _924223 |
|
| 245 | 1 | 0 |
_aGrandezas y miserias de la política _b: conferencia en El Sitio, de Bilbao, el 21 de abril de 1934 / _cManuel Azaña. |
| 260 |
_aBilbao : _bEspasa-Calpe, _c1934. |
||
| 300 |
_a31 p. ; _c19 cm. |
||
| 530 | _aDisponible en formato digital. | ||
| 650 | 7 |
_aPolítica _2embne _9140345 |
|
| 710 | 2 |
_aSociedad "El Sitio" _96704 |
|
| 852 | 4 |
_aES-MaACL _j2122-F-24 _cDEPOF _zRevisado enlace: 20 de Abril de 2025 |
|
| 856 | 4 |
_uhttp://bdh-rd.bne.es/viewer.vm?id=0000256722&page=1 _yBiblioteca Digital Hispánica |
|
| 942 | _2udc | ||
| 999 |
_c27189 _d27189 |
||